Countries That Start with G (with a map) - Statistics

General Stats
  • This quiz has been taken 2,057 times
  • The average score is 9 of 11
Answers on the Map
Answers color-coded by a green-red scale on the quiz's map according to % correct below.
 
Answer Stats
Hint Hint Country % Correct
404.0 89.9 Germany
86%
353.3 224.2 Guinea
85%
378.2 234.5 Ghana
83%
177.4 210.0 Guatemala
82%
248 242 Guyana
78%
406.5 264 Gabon
75%
344 216 Gambia
75%
430 129 Greece
75%
347.7 220.3 Guinea-Bissau
75%
479 120 Georgia
71%
241.6 220.6 Grenada
71%
No matching quizzes found
Score Distribution
Percent of People with Each Score
Percentile by Number Answered
Your Score History
You have not taken this quiz